Sports Quiz

Random Sports Quiz

Coaches of Brett Favre Quiz Stats

 Plays Quiz not verified by Sporcle

Score 0/8 Timer 03:00
0 Plays Today
Years % Correct
2009-10Brad Childress
93.7%
1992-98Mike Holmgren
92.9%
2006-08Mike McCarthy
88.1%
2008Eric Mangini
83.3%
2010-PresentLeslie Frazier
80.2%
2000-05Mike Sherman
73.8%
1999Ray Rhodes
48.4%
1991Jerry Glanville
35.7%

You're not logged in!

Compare scores with friends on all Sporcle quizzes.
OR
Log In

Show Comments

Extras

Created Nov 22, 2010ReportNominate
Tags:brett, Brett Favre, coach, men

Top Quizzes Today


Score Distribution

Your Account Isn't Verified!

In order to create a playlist on Sporcle, you need to verify the email address you used during registration. Go to your Sporcle Settings to finish the process.

Report this User

Report this user for behavior that violates our Community Guidelines.

Details: